El maligno: conocerlo y vencerlo según la Biblia

Salvato in:
Dettagli Bibliografici
Autore principale: Spaemann, Heinrich (Autore)
Natura: Libro
Lingua:spagnolo
Pubblicazione: Madrid Ciudad Nueva 1994
Soggetti:
Tags: Aggiungi Tag
Nessun Tag, puoi essere il primo ad aggiungerne!!

MARC

LEADER 00000nam a2200000 a 4500
001 UCK0761
003 CL-VaPUC
008 041022e19940000SP |||||||||||||||||spa|d
020 |a 8486987644 
082 0 4 |a 235.47  |b SPA  |2 21 
100 0 |a Spaemann, Heinrich  |e author  |9 488631 
245 1 3 |a El maligno: conocerlo y vencerlo según la Biblia 
300 |a 61 p 
942 |c BK 
945 |d 20041022 00:00:00  |a cmena 
260 |a Madrid  |b Ciudad Nueva  |c 1994 
600 0 7 |a DIABLO  |2 CL-VaPUC  |9 344958 
650 0 |a Teología cristiana  |9 308336 
650 0 |a Bien y mal   |9 311093 
650 0 |a Textos sagrados   |9 257605 
583 |a last modification  |c 20041022 00:00:00  |k Rodrigo Vera 
999 |c 311033  |d 311031 
952 |0 0  |1 0  |4 0  |6 235_470000000000000_SPA_1994  |7 0  |8 A  |9 380214  |a BIBTEO  |b BIBTEO  |d 2019-11-21  |i 4064704  |o 235.47 SPA 1994  |p 4064704  |r 2025-01-17  |w 2019-11-21  |y BK  |k ICR